000 00836nam a22002177a 4500
003 OSt
005 20250829202212.0
008 241007b |||||||| |||| 00| 0 eng d
040 _c0
082 _aDPer 613.705 J826 January-December 2020 v. 91 n. 1-9
100 _aBenner, Ryan.
_eauthor.
_962451
245 _aNegligence and government community in high school softball /
_cRyan Benner and Mike Stocz.
260 _aVirginia ;
_bAmerican Alliance for Health ,
_cJanuary 2020.
300 _aVolume 91, pages 49-50 :
_billustration ;
_c28 cm.
500 _aThe Journal of Physical Education Recreation & Dance, vol. 91, no. 1, pages 49-50, January 2020.
650 0 _aPhysical education.
_950439
650 0 _aLaw.
_937098
700 _aBenner, Ryan.
_eauthor.
_962451
710 _aStocz, Mike.
_eauthor.
_962452
942 _2ddc
_cPER
999 _c22306
_d22306